000 00634nam a2200181 a 4500
003 0
005 20250408142611.0
008 071122s19uu xx 00 eng d
050 _aPHS SB 387.F7
_b.J86 2007
100 _aJung, Da Eun.
245 _aAnthocyanin content of selected Philippine fruits /
_cDa Eun Jung.
260 _aLas PiƱas City, Philippines :
_bSouthville International School and Colleges,
_c2007.
300 _a38 pages :
_billustrations ;
_c28 cm.
504 _aIncludes bibliographical references.
650 _aFruits
_zPhilippines
_vAnalysis.
650 _yBiochemical composition of fruits.
942 _2lcc
_cPASS
999 _c97836
_d97836